000 00857nam a2200217 a 4500
008
049 _aMAIN
090 _aRES GB1197.5 PHR
100 1 _aPhraner, Ralph Wilson.
245 1 0 _aA hydrological evaluation and feasibility analysis of artificial groundwater recharge and recovery in eastern Paupa Valley, Riverside Country, California /
_cPhrane, Ralph Wilson.
260 _aArizona :
_bThe University Of Arizona,
_c1991.
300 _a426 p. :
_bill. ;
_c21 cm.
500 _aThesis (MSc)---University Of Arizona, 1991.
504 _aIncludes bibliographical references.
700 _aUniversity Of Arizona
_bDept. Of Hydrology and Water Resources.
_tThesis.
907 _a.b10234524
_b04-06-07
_c22-02-07
003
005 20230123134409.0
040 _cNUST
942 _cBOOKS
_kRES GB1197.5 PHR
999 _c165209
_d165209